000 00690nam a22002177a 4500
003 UA-OsUOA
001 55561
007 ta
008 20080917b un ||||| |||| 00| 0 ukr d
100 _aКрасницкая Л.
090 _a82
_bК78
942 _cSA
040 _aUA-OsUOA
_brus
_cUA-OsUOA
_dUA-OsUOA
245 _aРанние романтическое творчество Максима Горького "Старуха Изергиль"
300 _aС.24-26
955 _a0
041 _arus
080 _a82
773 0 _w55560
_tЗарубіжна література
_dК.
_d2008
_g32
650 7 _a82 Література. Літературознавство
_2UDC
999 _c341641
_d341641